| 000 | 00465nam a2200169 a 4500 | ||
|---|---|---|---|
| 005 | 20140412111411.0 | ||
| 008 | 070216s19uu xx 00 eng d | ||
| 020 | _a0-06-084245-8 | ||
| 050 |
_aTR(PS E _bII8 2005 |
||
| 100 | _aMcBratney, Sam | ||
| 245 |
_aI love it when you smile / _cSam McBratney. |
||
| 260 |
_aNew york : _bHarper collins, _c2005. |
||
| 650 | _aKangaroo - fiction | ||
| 650 | _aLove -fiction | ||
| 650 | _aChildren stories | ||
| 999 |
_c105689 _d105689 |
||